000 00297nam a2200121Ia 4500
008 190216s9999||||xx |||||||||||||| ||und||
100 _aVerma Sk
245 0 _aObjective Type And Short Answers In Commerce
260 _bYoung Man & Co
_c1985
300 _a227p
650 _aCommerce
942 _cREF
999 _c35579
_d35579